Online
Catalog

Vodú y magia en Santo Domingo / (Record no. 585)

MARC details
000 -CABECERA
campo de control de longitud fija 01372nam a2200229 a 4500
001 - NÚMERO DE CONTROL
campo de control 000000587
005 - FECHA Y HORA DE LA ÚLTIMA TRANSACCIÓN
campo de control 20240308073617.0
008 - DATOS DE LONGITUD FIJA--INFORMACIÓN GENERAL
campo de control de longitud fija 081209s1988 dr ac 000 0 spa d
040 ## - FUENTE DE LA CATALOGACIÓN
Centro catalogador/agencia de origen DO-SdBNP
Lengua de catalogación spa
Centro/agencia transcriptor BNPHU
082 ## - NÚMERO DE LA CLASIFICACIÓN DECIMAL DEWEY
Número de clasificación 299.675
Número de documento/Ítem D325v, 1988
100 1# - ENTRADA PRINCIPAL--NOMBRE DE PERSONA
Nombre de persona Deive, Carlos Esteban,
Fechas asociadas al nombre 1935-2019
9 (RLIN) 1916
245 10 - MENCIÓN DE TÍTULO
Título Vodú y magia en Santo Domingo /
Mención de responsabilidad, etc. Carlos Esteban Deive.
250 ## - MENCIÓN DE EDICIÓN
Mención de edición 2a ed.
260 ## - PUBLICACIÓN, DISTRIBUCIÓN, ETC.
Lugar de publicación, distribución, etc. Santo Domingo :
Nombre del editor, distribuidor, etc. Fundación Cultural Dominicana,
Fecha de publicación, distribución, etc. 1988.
300 ## - DESCRIPCIÓN FÍSICA
Extensión 427 p. :
Otras características físicas il., retrs. ;
Dimensiones 23 cm.
505 0# - NOTA DE CONTENIDO CON FORMATO
Título Presentación --
-- Introducción --
-- Una ojeada al concepto de magia y religión --
-- La esclavitud negra --
-- A la búsqueda de los orígenes tribales --
-- El encuentro de las razas --
-- El mundo insólito del vodú --
-- El vodú dominicano --
-- El ritual luasista --
-- Vodú y catolicismo --
-- En los dominios de la hechicería --
-- Modalidades de la magia blanca --
-- Oraciones mágico-religiosas --
-- Medicina popular y curanderismo --
-- El devenir y la muerte --
-- El contexto socioecónomico del vodú y la magia --
-- Vodú y magia en la literatura dominicana --
-- Glosario de voces --
-- Bibliografía general --
-- Índice de nombres y lugares geográficos.
590 ## - NOTA LOCAL (RLIN)
Nota local Inventariado, 2018/VM
650 #4 - PUNTO DE ACCESO ADICIONAL DE MATERIA--TÉRMINO DE MATERIA
Término de materia o nombre geográfico como elemento de entrada Vudú
9 (RLIN) 1917
650 #4 - PUNTO DE ACCESO ADICIONAL DE MATERIA--TÉRMINO DE MATERIA
Término de materia o nombre geográfico como elemento de entrada Magia
Subdivisión geográfica República Dominicana
9 (RLIN) 1918
650 #4 - PUNTO DE ACCESO ADICIONAL DE MATERIA--TÉRMINO DE MATERIA
Término de materia o nombre geográfico como elemento de entrada Medicina tradicional
9 (RLIN) 1919
910 ## - DATOS DE OPCIÓN DEL USUARIO (OCLC)
Datos de opción del usuario Validado. Control de calidad. MFF
Holdings
Estado de retiro Estado de pérdida Restricciones de uso No para préstamo Código de colección Localización permanente Ubicación/localización actual Ubicación en estantería Fecha de adquisición Número de inventario Total de préstamos Signatura topográfica completa Código de barras Fecha visto por última vez Número de copia Precio válido a partir de Tipo de ítem Koha
  Extraviado Préstamo en sala   Dominicana de Servicio Biblioteca Nacional Pedro Henríquez Ureña Biblioteca Nacional Pedro Henríquez Ureña Extraviado 24.04.2015 LF1   299.675 D325v, 1988 587-30 25.06.2020 e.3 25.06.2020 Libros y folletos
    Préstamo restringido Excluido de préstamo Patrimonio Dominicano Biblioteca Nacional Pedro Henríquez Ureña Biblioteca Nacional Pedro Henríquez Ureña Depósito 20.08.2009 LF1   299.675 D325v, 1988 587-10 25.06.2020   25.06.2020 Libros y folletos
    Préstamo restringido Excluido de préstamo Patrimonio Dominicano Biblioteca Nacional Pedro Henríquez Ureña Biblioteca Nacional Pedro Henríquez Ureña Depósito 20.08.2009 LF1   299.675 D325v, 1988 587-20 25.06.2020 e.2 25.06.2020 Libros y folletos

Powered by Koha